000 00794nam a2200229 i 4500
001 23977
003 ES-MaACL
005 20251009063050.0
007 t|
008 021213s1843 fr |||| | fre d
100 1 _aAndral, Gabriel,
_d1797-1876
_921531
245 1 0 _aEssai d'hématologie pathologique /
_cG. Andral.
260 _aParis :
_bFortin, Masson et Cie, libraires,
_c1843.
300 _a186 p. ;
_c20 cm.
530 _aDisponible en formato digital.
650 0 4 _aSangre-
_xEnfermedades.
_916982
650 4 _aHematología.
_913300
852 _aES-MaACL
_jT-621-F-2
852 _aES-MaACL
_jR-1362(1)
_z.- Donat. Mateo Seoane
856 _uhttps://reader.digitale-sammlungen.de/resolve/display/bsb10470290.html
_zBiblioteca Estatal de Baviera
999 _c23977
_d23977